Práca - život - rodina časopis Ministerstva práce, sociálnych vecí a rodiny SR, Ústredia práce, sociálnych vecí a rodiny SR a Sociálnej poisťovne
Enregistré dans:
| Format: | Publication en série |
|---|---|
| Langue: | slovaque |
| Publié: |
Bratislava
Ústredie práce, sociálnych vecí a rodiny
|
| Sujets: | |
| Tags: |
Pas de tags, Soyez le premier à ajouter un tag!
|
MARC
| LEADER | 00000nas1a2200000$$$4500 | ||
|---|---|---|---|
| 001 | 0141389 | ||
| 005 | 20230807081628.0 | ||
| 041 | 0 | |a slo | |
| 044 | |a SK | ||
| 245 | 1 | 0 | |a Práca - život - rodina |b časopis Ministerstva práce, sociálnych vecí a rodiny SR, Ústredia práce, sociálnych vecí a rodiny SR a Sociálnej poisťovne |
| 264 | 1 | |a Bratislava |b Ústredie práce, sociálnych vecí a rodiny | |
| 610 | 2 | 0 | |a politika sociálna |
| 610 | 2 | 0 | |a politika zamestnanosti |
| 610 | 2 | 0 | |a legislatíva |